KOHA-Header-6

Dalrymple's Sales Management (Record no. 10114)

000 -LEADER
fixed length control field 00335nam a2200133Ia 4500
020 ## - INTERNATIONAL STANDARD BOOK NUMBER
ISBN 9788126516858
082 ## - DEWEY DECIMAL CLASSIFICATION NUMBER
Classification number 658.16
100 ## - MAIN ENTRY--AUTHOR NAME
Personal name William L.Cron ; Thomas E. DeCarlo
245 #0 - TITLE STATEMENT
Title Dalrymple's Sales Management
250 ## - EDITION STATEMENT
Edition statement Ninth Edition
260 ## - PUBLICATION, DISTRIBUTION, ETC. (IMPRINT)
Place of publication New Delhi
Name of publisher John Wiley & Sons
Year of publication 2006
300 ## - PHYSICAL DESCRIPTION
Number of Pages xx, 543 pages
942 ## - ADDED ENTRY ELEMENTS (KOHA)
Koha item type Books
Holdings
Withdrawn status Lost status Collection code Permanent Location Current Location Shelving location Date acquired Full call number Accession Number Koha item type
    Management MAJU MAJU Shelf No.A-6 2019-09-14 658.16 6220 Books

Powered by Koha